A. WESLEY POWELL LEARNING RESOURCE CENTRE (WPLRC)

Wonderful Place to Learn, Research & Collaborate

Managerial accounting / (Record no. 5503)

MARC details
000 -LEADER
fixed length control field 01361cam a22003494a 4500
001 - ACCESSION NUMBER
control field 39599
003 - CONTROL NUMBER IDENTIFIER
control field OSt
005 - DATE AND TIME OF LATEST TRANSACTION
control field 20160303105656.0
008 - FIXED-LENGTH DATA ELEMENTS--GENERAL INFORMATION
fixed length control field 060908s2006 ohua b 001 0 eng
020 ## - INTERNATIONAL STANDARD BOOK NUMBER
International Standard Book Number 0324376006 (hbk. : student ed.)
020 ## - INTERNATIONAL STANDARD BOOK NUMBER
International Standard Book Number 9780324376005 (hbk. : student ed.)
020 ## - INTERNATIONAL STANDARD BOOK NUMBER
International Standard Book Number 9780324376050 (instructor's ed.)
020 ## - INTERNATIONAL STANDARD BOOK NUMBER
International Standard Book Number 0324376057 (instructor's ed.)
040 ## - CATALOGING SOURCE
Original cataloging agency DLC
Transcribing agency DLC
050 00 - LIBRARY OF CONGRESS CALL NUMBER
Classification number HF5657.4
Item number .H36 2007
082 ## - DEWEY DECIMAL CLASSIFICATION NUMBER
Classification number 658.1511 HAN (39599)
100 1# - MAIN ENTRY--PERSONAL NAME
Personal name Hansen, Don R.
245 10 - TITLE STATEMENT
Title Managerial accounting /
Statement of responsibility, etc. Don R. Hansen, Maryanne M. Mowen.
246 1# - VARYING FORM OF TITLE
Display text At head of title:
Title proper/short title Hansen & Mowen
246 3# - VARYING FORM OF TITLE
Title proper/short title Hansen & Mowen managerial accounting
250 ## - EDITION STATEMENT
Edition statement 8th ed.
260 ## - PUBLICATION, DISTRIBUTION, ETC. (IMPRINT)
Place of publication, distribution, etc. Mason, OH :
Name of publisher, distributor, etc. Thomson/South-Western,
Date of publication, distribution, etc. c2007.
300 ## - PHYSICAL DESCRIPTION
Extent xix, 874 p. :
Other physical details ill. some col. :
Dimensions 28 cm.
500 ## - GENERAL NOTE
General note Rev. ed. of: Management accounting. 7th ed. 2005.
504 ## - BIBLIOGRAPHY, ETC. NOTE
Bibliography, etc Includes bibliographical references and indexes.
650 #0 - SUBJECT ADDED ENTRY--TOPICAL TERM
Topical term or geographic name as entry element Managerial accounting.
700 1# - ADDED ENTRY--PERSONAL NAME
Personal name Mowen, Maryanne M.
700 1# - ADDED ENTRY--PERSONAL NAME
Personal name Hansen, Don R.
Title of a work Management accounting.
906 ## - LOCAL DATA ELEMENT F, LDF (RLIN)
a 7
b cbc
c orignew
d 3
e epcn
f 20
g y-gencatlg
942 ## - ADDED ENTRY ELEMENTS (KOHA)
Source of classification or shelving scheme Dewey Decimal Classification
Koha item type Books
Holdings
Withdrawn status Lost status Source of classification or shelving scheme Damaged status Not for loan Home library Current library Date acquired Total Checkouts Full call number Barcode Date last seen Price effective from Koha item type
    Dewey Decimal Classification     Wesley Powell Learning Resource Centre Wesley Powell Learning Resource Centre 03/03/2016   658.1511 HAN 39599 03/03/2016 03/03/2016 Books